000 00252 a2200109 4500
001 51154
040 _cAnchieta - Pituba
240 1 0 _aGeni@l Klick
_l
245 1 0 _aGeni@l Klick
650 4 _aLínguas germânicas (teutônicas) língua alemã
942 _cMX
999 _c51154
_d51154